| 000 | 00602nam a2200193Ia 4500 | ||
|---|---|---|---|
| 003 | IN-BaIIA | ||
| 008 | 211028s9999 xx 000 0 eng d | ||
| 020 | _a978-0-521-88779-3 | ||
| 040 | _cIIA Library | ||
| 080 |
_a52 _bSTR |
||
| 245 | 0 |
_aStructure formation in astrophysics _cedited by Gilles Chabrier |
|
| 260 |
_aCambridge _bCambridge University Press _c2009 |
||
| 300 | _ax, 444p. | ||
| 650 |
_aAstrophysics _9794 |
||
| 650 |
_aLarge scale structure-astronomy _930451 |
||
| 650 | _aStar formation | ||
| 700 |
_aChabrier, Gilles., ed. _932764 |
||
| 942 | _cBK | ||
| 999 |
_c17369 _d17369 |
||